书目信息 |
| 题名: |
青少年犯罪预防的理论和实务研究
|
|
| 作者: | 郭开元 著 | |
| 分册: | ||
| 出版信息: | 北京 中国人民公安大学出版社 2014 |
|
| 页数: | 208页 | |
| 开本: | 24cm | |
| 丛书名: | ||
| 单 册: | ||
| 中图分类: | D669.5 | |
| 科图分类: | ||
| 主题词: | 青少年犯罪--Qing Shao Nian Fan Zui--预防犯罪--研究--中国 | |
| 电子资源: | ||
| ISBN: | 978-7-5653-1851-1 | |
| 000 | 00981nam0 22002411 450 | |
| 001 | 350024 | |
| 005 | 20161008162948.84 | |
| 010 | @a978-7-5653-1851-1@dCNY45.00 | |
| 100 | @a20150202d2014 em y0chiy50 ea | |
| 101 | 0 | @achi |
| 102 | @aCN@b110000 | |
| 105 | @ay z 000yy | |
| 106 | @ar | |
| 200 | 1 | @a青少年犯罪预防的理论和实务研究@AQing Shao Nian Fan Zui Yu Fang De Li Lun He Shi Wu Yan Jiu@f郭开元著 |
| 210 | @a北京@c中国人民公安大学出版社@d2014 | |
| 215 | @a208页@d24cm | |
| 300 | @a中国青少年研究中心学术专著出版专项基金资助 | |
| 330 | @a本书在分析青少年犯罪预防的法理和模式的基础上,梳理总结青少年犯罪的家庭预防、学校预防、社会预防的措施;在总结青少年犯罪预防工作经验的基础上,阐释重点青少年群体犯罪预防、主要犯罪类型预防、重新犯罪预防的具体措施。 | |
| 606 | 0 | @a青少年犯罪@AQing Shao Nian Fan Zui@x预防犯罪@x研究@y中国 |
| 690 | @aD669.5@v5 | |
| 701 | 0 | @a郭开元@AGuo Kai Yuan@c(青少年法)@4著 |
| 801 | 0 | @aCN@bTANGWEI@20160802 |
| 905 | @b0887945-9@dD669.5@e160@f5 | |
| 青少年犯罪预防的理论和实务研究/郭开元著 .-北京:中国人民公安大学出版社,2014 |
| 208页;24cm |
| 中国青少年研究中心学术专著出版专项基金资助 |
| ISBN 978-7-5653-1851-1:CNY45.00 |
| 本书在分析青少年犯罪预防的法理和模式的基础上,梳理总结青少年犯罪的家庭预防、学校预防、社会预防的措施;在总结青少年犯罪预防工作经验的基础上,阐释重点青少年群体犯罪预防、主要犯罪类型预防、重新犯罪预防的具体措施。 |
| ● |
| 相关链接 |
|
|
|
|
正题名:青少年犯罪预防的理论和实务研究
索取号:D669.5/160
 
预约/预借
| 序号 | 登录号 | 条形码 | 馆藏地/架位号 | 状态 | 备注 |
| 1 | 0887945 | 208879454 | 第一样本阅览室/ [索取号:D669.5/160] | 在馆 | |
| 2 | 0887946 | 208879463 | 第一借阅区/ [索取号:D669.5/160] | 在馆 | |
| 3 | 0887947 | 208879472 | 第一借阅区/ [索取号:D669.5/160] | 在馆 | |
| 4 | 0887948 | 208879481 | 第一借阅区/ [索取号:D669.5/160] | 在馆 | |
| 5 | 0887949 | 208879490 | 密集书库-史法系/ [索取号:D669.5/160] | 在馆 |